Proyecto del sistema de riego para Santa Barbara de Heredia
Αποθηκεύτηκε σε:
| Κύριος συγγραφέας: | |
|---|---|
| Μορφή: | Βιβλίο |
| Έκδοση: |
[San José , Costa Rica]
1990
|
| Θέματα: | |
| Ετικέτες: |
Προσθήκη ετικέτας
Δεν υπάρχουν, Καταχωρήστε ετικέτα πρώτοι!
|
MARC
| LEADER | 00000nam a2200000Ia 4500 | ||
|---|---|---|---|
| 003 | 007964 | ||
| 005 | 20221231144246.0 | ||
| 008 | 140114s1990 cr a m 000 ||s d | ||
| 040 | |c cru CEDI | ||
| 090 | |a TFG 3483 | ||
| 100 | |a Carmona Estrada, Ismael Eduardo |9 10307 | ||
| 245 | |a Proyecto del sistema de riego para Santa Barbara de Heredia | ||
| 260 | |c 1990 |a [San José , Costa Rica] | ||
| 300 | |a xv, 1136 hojas : ilustraciones (1 plegables) ; 29 cm. | ||
| 500 | |a Proyecto de graduacion (licenciatura en ingenieria agricola)--Universidad de Costa Rica. Facultad de Ingeniería. Escuela de Ingenieria Agricola | ||
| 650 | |x RIEGO - SANTA BARBARA (HEREDIA, COSTA RICA) |9 10308 | ||
| 942 | |c TFG |2 ddc | ||
| 999 | |c 19200 |d 19200 | ||
